Nechaj ma, chcem sa učiť sám 2. diel

Bibliographic Details
Main Authors: Alex, Sabine (Author), Vopel, Klaus W., 1940- (Author)
Other Authors: Čierna, Mária, 1940- (Translator)
Format: Book
Language:Slovak
German
PhysicalDescription:126 strán ilustrácie 21 cm
Published: Bratislava Slovenské pedagogické nakladateľstvo 1993
ISBN:8008022353
Edition:2. vyd.
Subjects:

MARC

LEADER 00000cam a2200000 a 4500
001 vtls001073966
003 SK-MaSNL
005 20260301000613.0
008 240226s1993 xo a grf 000 0 slo
015 |a SNBA1993 
020 |a 8008022353  |q (brožované) 
035 |a SNK000016798 
040 |a SNK  |b slo  |c SNK  |e AACR2 
041 1 |a slo  |h ger 
044 |a xo  |c SK 
072 7 |a 37  |x Výchova a vzdelávanie  |2 konspekt 
072 7 |a 793  |x Spoločenské zábavy  |2 konspekt 
072 7 |a 159.92  |x Vývinová psychológia. Psychológia osobnosti  |2 konspekt 
080 |a 37.015.3  |2 2011 
080 |a 159.923.5  |2 2011 
080 |a 316.346.32-053.2  |2 2011 
080 |a 379.8:793/796  |2 2011 
080 |a (072)  |2 2011 
080 |a 371.382:159.9  |2 2001 
100 1 |a Alex, Sabine  |4 aut  |9 42580 
240 1 0 |a Lehre mich nicht, lass mich lernen!  |l Slovensky 
245 1 0 |a Nechaj ma, chcem sa učiť sám  |n 2. diel  |c Sabine Alexová, Klaus W. Vopel ; [z nemeckého originálu Lehre mich nicht, lass mich lernen! preložila Mária Čierna] 
250 |a 2. vyd. 
260 |a Bratislava  |b Slovenské pedagogické nakladateľstvo  |c 1993 
300 |a 126 strán  |b ilustrácie  |c 21 cm 
500 |a Obsahuje 7 kapitol 
500 |a Prehľad dielov 1-4 na strane 126 
650 0 7 |a pedagogická psychológia  |2 SNKPH  |9 58135 
650 0 7 |a rozvoj osobnosti  |2 SNKPH  |9 63298 
650 0 7 |a deti  |2 SNKPH  |9 773 
650 0 7 |a hry  |2 SNKPH  |9 1856 
650 0 7 |a psychologické hry  |2 SNKPH  |9 75154 
650 0 7 |a etická výchova  |2 SNKPH  |9 4075 
650 0 7 |a didaktika  |2 SNKPH  |9 3484 
650 0 7 |a učenie  |2 SNKPH  |9 3884 
650 0 7 |a skupinové hry  |2 SNKPH  |9 277882 
655 7 |a metodické príručky  |2 SNKPH  |9 70250 
700 1 |a Vopel, Klaus W.,  |d 1940-  |4 aut  |9 277883 
700 1 |a Čierna, Mária,  |d 1940-  |4 trl  |9 172576 
740 0 2 |a Pocity, city 
740 0 2 |a Peniaze 
740 0 2 |a Zdravie a drogy 
740 0 2 |a Iracionálne domnienky 
740 0 2 |a Chlapci a dievčatá 
740 0 2 |a Krízy 
740 0 2 |a Učenie 
919 |a 80-08-02235-3 
954 |a iná literatúra (príručky, kuchárske knihy, hobby literatúra, sprievodcovia) cudzojazyčná (svetová)  |2 lita 
958 |a RK 
958 |a TL 
958 |a DE 
958 |a OND 
958 |a OP 
999 |c 533039  |d 534969 
952 |t P60, <04>, [BOOK], {604}  |a SNK  |b SNK  |y VYP  |7 0  |p 17A0087674  |o snkSC 85174/2 D1  |0 0  |1 0  |4 0  |d 1997-08-07  |l 0  |r 2004-12-31 00:00:00  |w 2026-02-23 
952 |a SNK  |b SNK  |y PREZ  |7 0  |p 17A0996863  |o snkSC 85174/2  |i snkKSP 1136/94  |0 0  |1 0  |4 0  |d 2012-08-15  |f 1  |l 0  |r 2025-08-27 00:00:00  |w 2026-02-23